A vállalkozások egész tevékenységének értékelése a beszámoló adatai alapján

Bibliográfiai részletek
Szerző: Mogyorossi Zoltán
További közreműködők: Földi Dr. Péter
Dokumentumtípus: Diplomadolgozat
Kulcsszavak:beszámoló(k) értékelése
eredménykimutatás
kis- és középvállalkozás - KKV
mérleg
számvitel
Online Access:http://dolgozattar.uni-bge.hu/60261

MARC

LEADER 00000nta a2200000 i 4500
001 dolg60261
005 20260409150217.0
008 260409suuuu hu om 000 hun d
040 |a BGE Dolgozattár Repozitórium  |b hun 
041 |a hu 
100 1 |a Mogyorossi Zoltán 
245 1 2 |a A vállalkozások egész tevékenységének értékelése a beszámoló adatai alapján  |c Mogyorossi Zoltán  |h [elektronikus dokumentum] 
520 3 |a A szakdolgozat témája a vállalkozások egész tevékenységének értékelése a beszámoló adatai alapján. A szakdolgozat célja a Novospectrum Kft. beszámolójának elemezése a pénzügyi adatok alapján, egy olyan cég, aminek a marketingtevékenysége minimális. Az elemzés során kimutatom mely tényezők jelenthetnek kockázatot a vállalkozás számára és ezeknek a kockázatoknak figyelembevételével javaslatokat fogalmazok meg a cég működésének javításához és fejlesztéséhez. 
695 |a beszámoló(k) értékelése 
695 |a eredménykimutatás 
695 |a kis- és középvállalkozás - KKV 
695 |a mérleg 
695 |a számvitel 
700 1 |a Földi Dr. Péter  |e ths 
856 4 0 |u http://dolgozattar.uni-bge.hu/60261/1/Mogyorossi_Zolt%C3%A1n_Szakdolgozat_2025.pdf  |z Dokumentum-elérés 
856 4 0 |u http://dolgozattar.uni-bge.hu/60261/2/BA%20KM%20Mogyorossi%20Zolt%C3%A1n.pdf  |z Dokumentum-elérés 
856 4 0 |u http://dolgozattar.uni-bge.hu/60261/3/MZ.pdf  |z Dokumentum-elérés